[Event "64th Otwarte Open A"]
[Site "Warsaw POL"]
[Date "2011.05.15"]
[Round "9.1"]
[White "Leniart,A"]
[Black "Przezdziecka,M"]
[Result "1/2-1/2"]
[WhiteElo "2444"]
[BlackElo "2245"]

1.c4 Nf6 2.Nc3 d5 3.d4 g6 4.cxd5 Nxd5 5.e4 Nxc3 6.bxc3 Bg7 7.Be3 O-O 8.Qd2 c5
9.Rc1 Qa5 10.Nf3 cxd4 11.cxd4 Qxd2+ 12.Nxd2 f5 13.exf5 Bxf5 14.Rc7 Nc6 15.d5 Na5
16.Nc4 Bc3+ 17.Bd2 Bxd2+ 18.Kxd2 Rad8 19.Nxa5  1/2-1/2

[Event "2nd Danzhou GM"]
[Site "Danzhou CHN"]
[Date "2011.05.16"]
[Round "2"]
[White "Zhou Weiqi"]
[Black "Li Chao2"]
[Result "1-0"]
[WhiteElo "2610"]
[BlackElo "2656"]

1.d4 Nf6 2.c4 g6 3.Nc3 d5 4.cxd5 Nxd5 5.e4 Nxc3 6.bxc3 Bg7 7.Bc4 c5 8.Ne2 Nc6
9.Be3 O-O 10.O-O Bg4 11.f3 Na5 12.Bd5 Bd7 13.Rb1 Qc7 14.dxc5 e6 15.Bb3 Bb5
16.Qc2 Rfd8 17.c4 Ba6 18.Nc3 Bxc4 19.Bxc4 Nxc4 20.Nb5 Nxe3 21.Nxc7 Nxc2 22.Nxa8 Rxa8
23.Rxb7 Bd4+ 24.Kh1 Rc8 25.Rxa7 Rxc5 26.Rb1 g5 27.Rb8+ Kg7 28.Rbb7 Nb4 29.Rxf7+ Kg6
30.Rac7 Nc6 31.g3 Rc1+ 32.Kg2 Rc2+ 33.Kh1 Rc1+ 34.Kg2 Rc2+ 35.Kh1 Rxa2 36.h4 gxh4
37.gxh4 Be5 38.h5+ Kg5 39.Rxc6 Kh4 40.Kg1 Bg3 41.Rg7 e5 42.h6 Ra1+ 43.Kg2 Ra2+
44.Kf1 Rf2+ 45.Kg1 Kh3 46.Rc1 Rxf3 47.Rxh7 Bf4 48.Re1 Bd2 49.Re2 Be3+ 50.Rxe3 Rxe3
51.Rg7 Re1+ 52.Kf2 Rxe4 53.h7 Rh4 54.Kg1  1-0

[Event "ch-CZE"]
[Site "Pardubice CZE"]
[Date "2011.05.16"]
[Round "5"]
[White "Votava,J"]
[Black "Jansa,Vl"]
[Result "1-0"]
[WhiteElo "2541"]
[BlackElo "2518"]

1.d4 Nf6 2.c4 g6 3.Nc3 d5 4.cxd5 Nxd5 5.e4 Nxc3 6.bxc3 Bg7 7.Nf3 c5 8.Rb1 O-O
9.Be2 b6 10.O-O Bb7 11.d5 Bxc3 12.Bc4 Bg7 13.Qe2 Qc8 14.e5 Ba6 15.e6 Bxc4
16.Qxc4 f6 17.Rd1 Qa6 18.Qc2 Qc8 19.h4 Na6 20.h5 Nb4 21.Qc4 b5 22.Qxb5 g5
23.Qc4 Rd8 24.a3 Na6 25.Bxg5 fxg5 26.Nxg5 h6 27.Nf7 Rd6 28.Rb3 Nc7 29.Rg3 Rxd5
30.Nxh6+ Kh8 31.Nf7+ Kg8 32.Rxd5 Qxe6 33.Rxc5  1-0

[Event "ch-Catalan KO"]
[Site "Sabadell ESP"]
[Date "2011.05.16"]
[Round "2.1"]
[White "Vila Gazquez,X"]
[Black "Fluvia Poyatos,Joa"]
[Result "1/2-1/2"]
[WhiteElo "2494"]
[BlackElo "2472"]

1.d4 Nf6 2.c4 g6 3.Nc3 d5 4.cxd5 Nxd5 5.e4 Nxc3 6.bxc3 Bg7 7.Bg5 c5 8.Rc1 O-O
9.Nf3 Bg4 10.d5 Qd6 11.Be2 Nd7 12.O-O Bxf3 13.Bxf3 c4 14.Rb1 b6 15.Qa4 Rfc8
16.Bg4 Rc7 17.Bxd7 Qxd7 18.Qa3 Re8 19.Rbd1 Rc5 20.f4 Ra5 21.Qb4 Rxa2 22.Qxc4 Rc2
23.e5 Qg4 24.Qe4 Re2 25.Qf3 Qxf3 26.Rxf3 h6 27.Bh4 g5 28.fxg5 hxg5 29.Bxg5 Bxe5
30.Bf4 Bxf4 31.Rxf4 Rd8 32.c4 Rd6 33.Rdf1 f6 34.R1f2 Re1+ 35.Rf1 Rxf1+ 36.Kxf1 b5
37.cxb5 Rxd5 38.Ra4 Rxb5 39.Rxa7 Kf7  1/2-1/2

[Event "zt 2.5"]
[Site "Asuncion PAR"]
[Date "2011.05.18"]
[Round "3"]
[White "Richter Becerra,H"]
[Black "Kropff,R"]
[Result "0-1"]
[WhiteElo "2148"]
[BlackElo "2298"]

1.d4 Nf6 2.c4 g6 3.Nc3 d5 4.cxd5 Nxd5 5.e4 Nxc3 6.bxc3 Bg7 7.Nf3 c5 8.Be2 Bg4
9.Qa4+ Nc6 10.Rb1 Bxf3 11.Bxf3 O-O 12.e5 cxd4 13.Bxc6 bxc6 14.cxd4 c5 15.dxc5 Qd3
16.Rb3 Qc2 17.Be3 Rad8 18.O-O Rd1 19.g3 Rfd8 20.Qa6 Bxe5 21.Rb4 R8d3 22.Qa4 Qe2
23.Rxd1 Rxd1+ 24.Kg2 Qf1+ 25.Kf3 Qh1+ 26.Ke2 Qf1+ 27.Kf3 Kg7 28.h4 Re1 29.Ke4 Qxf2  0-1

[Event "2nd GM"]
[Site "Danzhou CHN"]
[Date "2011.05.20"]
[Round "6"]
[White "Zhou Jianchao"]
[Black "Li Chao2"]
[Result "0-1"]
[WhiteElo "2636"]
[BlackElo "2656"]

1.d4 Nf6 2.c4 g6 3.Nc3 d5 4.cxd5 Nxd5 5.e4 Nxc3 6.bxc3 Bg7 7.Bc4 c5 8.Ne2 O-O
9.O-O Qa5 10.Rb1 Nd7 11.h3 Nb6 12.Bb3 Bd7 13.Bd2 Rfd8 14.f4 cxd4 15.cxd4 Qa6
16.f5 Bb5 17.fxg6 Bxe2 18.Bxf7+ Kh8 19.Qe1 Nd7 20.Qh4 Nf8 21.Bc4 Nxg6 22.Bxa6 Bxd4+
23.Kh1 Bxf1 24.Qg3 Bxa6 25.Bc3 Rac8 26.Bxd4+ Rxd4 27.Re1 Rf8 28.Qc3 e5 29.Qc5 Rd2
30.Re3 Rf1+ 31.Kh2 Rff2 32.Qc8+ Kg7 33.Rg3 Bf1 34.Qxb7+ Kh6 35.Qxa7 Bxg2
36.Qe3+ Nf4 37.Qb6+ Kh5 38.Qf6 Bxh3+ 39.Kh1 Rf1+  0-1

[Event "DPMM Final"]
[Site "Baden Baden GER"]
[Date "2011.05.21"]
[Round "2.2"]
[White "Degtiarev,E"]
[Black "Henrichs,T"]
[Result "1/2-1/2"]
[WhiteElo "2327"]
[BlackElo "2469"]

1.d4 Nf6 2.c4 g6 3.Nc3 d5 4.cxd5 Nxd5 5.e4 Nxc3 6.bxc3 Bg7 7.Bc4 c5 8.Ne2 O-O
9.O-O Nc6 10.Be3 Qc7 11.Rc1 Rd8 12.Bd3 a6 13.d5 e6 14.c4 Ne5 15.Bb1 Bf8 16.Bg5 f6
17.Bh4 b5 18.Nc3 Nxc4 19.Bxf6 Re8 20.e5 exd5 21.Nxd5 Qf7 22.Rxc4 bxc4 23.Nb6 Ra7
24.Nxc8 Rxc8 25.Be4 Rd7 26.Qg4 Re8 27.Bc6 Rd4 28.Bxe8 Qxe8 29.Qh3 Rd3 30.Qg4 Rd4
31.Qh3 Rd3 32.Qg4 Rd4  1/2-1/2

[Event "XXVI Felix Cup"]
[Site "Baile Felix ROU"]
[Date "2011.05.21"]
[Round "2.13"]
[White "Secheres,Ad"]
[Black "Besciu,V"]
[Result "1-0"]
[WhiteElo "1898"]
[BlackElo "2200"]

1.d4 Nf6 2.c4 d5 3.cxd5 g6 4.Nc3 Nxd5 5.e4 Nxc3 6.bxc3 Bg7 7.Be3 c5 8.Qd2 Qa5
9.Rd1 Be6 10.e5 cxd4 11.cxd4 Qxd2+ 12.Rxd2 Bd5 13.Ne2 e6 14.Nc3 Bc6 15.f4 Bf8
16.Kf2 Bb4 17.Rc2 Nd7 18.Bb5 Rc8 19.Ne4 Ke7 20.Bxc6 Rxc6 21.Rxc6 bxc6 22.a3 Ba5
23.Rc1 Rc8 24.Nd6 Rc7 25.a4 a6 26.Ne4 Bb6 27.Ke2 f5 28.Nd6 c5 29.dxc5 Bxc5
30.Bxc5 Rxc5 31.Rb1 Rc2+ 32.Kf3 Nc5 33.Rb8 Nxa4 34.Rb7+ Kd8 35.Rxh7 Nb2 36.Rg7 Nd1
37.Rxg6 a5 38.h4 a4 39.Rg8+  1-0

[Event "XXVI Felix Cup"]
[Site "Baile Felix ROU"]
[Date "2011.05.22"]
[Round "4.3"]
[White "Florescu,C"]
[Black "Petrisor,A"]
[Result "0-1"]
[WhiteElo "2262"]
[BlackElo "2402"]

1.d4 Nf6 2.c4 g6 3.Nc3 d5 4.cxd5 Nxd5 5.e4 Nxc3 6.bxc3 Bg7 7.Nf3 c5 8.Bb5+ Nc6
9.O-O O-O 10.d5 a6 11.Be2 Bxc3 12.Bh6 Nd4 13.Rc1 Nxf3+ 14.Bxf3 Bd4 15.Bxf8 Kxf8
16.Qd2 Qd6 17.Kh1 e5 18.g3 Bd7 19.Kg2 Kg7 20.h4 h6 21.h5 g5 22.Rfe1 b5 23.Qe2 b4
24.Bg4 Bb5 25.Rc4 a5 26.Rec1 a4 27.Qd1 Bxc4 28.Rxc4 b3  0-1

[Event "XXVI Felix Cup"]
[Site "Baile Felix ROU"]
[Date "2011.05.22"]
[Round "5.14"]
[White "Besciu,V"]
[Black "Mitrica,O"]
[Result "0-1"]
[WhiteElo "2200"]
[BlackElo "2010"]

1.d4 Nf6 2.c4 g6 3.Nc3 d5 4.cxd5 Nxd5 5.e4 Nxc3 6.bxc3 Bg7 7.Be3 O-O 8.Bc4 c5
9.Ne2 cxd4 10.cxd4 Nc6 11.O-O Na5 12.Bd3 Bg4 13.f3 Bd7 14.Rc1 Rc8 15.Qd2 a6
16.Rxc8 Bxc8 17.Rc1 Nc6 18.Bb1 Bd7 19.d5 Ne5 20.f4 Ng4 21.Bd4 e5 22.fxe5 Nxe5
23.Kh1 Qh4 24.Qf4 Qxf4 25.Nxf4 Nd3 26.Bxg7 Nxc1 27.Bxf8 Kxf8 28.e5 Bb5 29.a3 Nb3
30.Kg1 Nd2 31.Bd3 Bxd3 32.Nxd3 b5 33.Nb2 a5 34.a4 bxa4 35.Nxa4 Nc4 36.Kf2 Nxe5
37.Ke3 Ke7 38.Kd4 Nd7 39.Nb2 f5 40.Nc4 a4 41.h3 h6 42.Na3 g5 43.Nc4 h5 44.Na3 h4
45.Nc4 Kf6 46.Kc3 Ne5 47.Nb6 a3 48.Kb3 g4 49.Kxa3 gxh3 50.gxh3 f4 51.d6 Ke6
52.d7 Nxd7 53.Nc4 f3 54.Kb3 f2 55.Nd2 Nc5+ 56.Kc2 Ne4 57.Nf1 Ng3 58.Kd3 Nxf1
59.Ke2 Ng3+ 60.Kxf2 Kf5 61.Kf3 Ne4 62.Kg2 Kf4 63.Kh2 Kf3 64.Kh1 Kg3 65.Kg1 Kxh3
66.Kh1  0-1

[Event "1st Alimini Village Open"]
[Site "Otranto ITA"]
[Date "2011.05.22"]
[Round "2"]
[White "Naumkin,I"]
[Black "Codenotti,M"]
[Result "1-0"]
[WhiteElo "2506"]
[BlackElo "2284"]

1.d4 Nf6 2.c4 g6 3.Nc3 d5 4.cxd5 Nxd5 5.e4 Nxc3 6.bxc3 Bg7 7.Bc4 c5 8.Ne2 Nc6
9.Be3 O-O 10.O-O b6 11.Qd2 Bb7 12.Rad1 cxd4 13.cxd4 Rc8 14.Bh6 Qd6 15.Bxg7 Kxg7
16.Qg5 Rfd8 17.Ng3 Qb4 18.Bd5 f6 19.Nh5+ Kh8 20.Nxf6 Qd6 21.Ng4 Rf8 22.Bxc6 Bxc6
23.d5 Bb5 24.Qd2 Bxf1 25.Qb2+ Rf6 26.e5  1-0

[Event "XXX Zalakaros Open"]
[Site "Zalakaros HUN"]
[Date "2011.05.22"]
[Round "3"]
[White "Kabai,Z"]
[Black "Pesek,Ra"]
[Result "1/2-1/2"]
[WhiteElo "2128"]
[BlackElo "2067"]

1.d4 Nf6 2.c4 g6 3.Nc3 d5 4.cxd5 Nxd5 5.e4 Nxc3 6.bxc3 Bg7 7.Bc4 O-O 8.Ne2 c5
9.Be3 Nc6 10.O-O Na5 11.Bd3 cxd4 12.cxd4 e6 13.Qd2 Nc6 14.Bb5 Bd7 15.Rab1 a6
16.Bd3 b5 17.Bg5 Qb6 18.d5 Ne5 19.Be3 Qd6 20.Rfc1 Rfc8 21.f4 Nxd3 22.Qxd3 exd5
23.Qxd5 Qxd5 24.exd5 Bf5 25.Rxc8+ Rxc8 26.Rd1 Bg4 27.Rd2 Rd8 28.Kf2 Bf8 29.h3 Bc8
30.Bb6 Rd7 31.Nc3 f5 32.Nd1 Bb7 33.Ne3 Kf7 34.Rd3 Bd6  1/2-1/2

[Event "1st Alimini Village Open"]
[Site "Alimini ITA"]
[Date "2011.05.24"]
[Round "4"]
[White "Plachkinova,T"]
[Black "Dvirnyy,D"]
[Result "1-0"]
[WhiteElo "2137"]
[BlackElo "2448"]

1.d4 Nf6 2.c4 g6 3.Nc3 d5 4.cxd5 Nxd5 5.e4 Nxc3 6.bxc3 Bg7 7.Nf3 c5 8.Rb1 O-O
9.Be2 b6 10.O-O Bb7 11.Qd3 e6 12.Rd1 Nd7 13.Bg5 Qc7 14.Qe3 a6 15.h4 Rfe8
16.h5 Qc6 17.hxg6 hxg6 18.Bd3 b5 19.Bh6 Bf6 20.e5 Be7 21.Qf4 Rad8 22.Qg4 Nf8
23.Ng5 cxd4 24.Be4 Qc7 25.cxd4 Bd5 26.Qf4 f5 27.Bxd5 Rxd5 28.Rbc1 Qd7 29.Rc3 Rd8
30.Bxf8 Bxf8 31.Qh4 Re8 32.Rh3 Qg7 33.Nh7  1-0

[Event "Orlova Open"]
[Site "Orlova CZE"]
[Date "2011.05.24"]
[Round "4.2"]
[White "Orzechowski,J"]
[Black "Mirumian,V"]
[Result "0-1"]
[WhiteElo "2262"]
[BlackElo "2513"]

1.d4 Nf6 2.c4 g6 3.Nc3 d5 4.cxd5 Nxd5 5.e4 Nxc3 6.bxc3 Bg7 7.Nf3 c5 8.Bb5+ Nd7
9.O-O O-O 10.Re1 a6 11.Bf1 Nb8 12.Rb1 Qa5 13.Bg5 Re8 14.Qb3 e6 15.a4 Nc6
16.e5 h6 17.Be3 cxd4 18.cxd4 Qd8 19.Qb2 Ne7 20.Nd2 Bd7 21.Qxb7 Bxa4 22.Rec1 Nd5
23.Bxa6 Qa5 24.Bb5 Reb8 25.Nc4 Rxb7  0-1

[Event "Zonal 3.3"]
[Site "Tagaytay City PHI"]
[Date "2011.05.24"]
[Round "1"]
[White "Olay,E"]
[Black "Paragua,M"]
[Result "0-1"]
[WhiteElo "2343"]
[BlackElo "2542"]

1.d4 Nf6 2.c4 g6 3.Nc3 d5 4.cxd5 Nxd5 5.e4 Nxc3 6.bxc3 Bg7 7.Nf3 c5 8.Rb1 O-O
9.Be2 b6 10.O-O Qc7 11.Bg5 Bb7 12.Qd3 e6 13.d5 exd5 14.exd5 Qd6 15.c4 Nd7
16.g3 Nf6 17.Bf4 Qd8 18.Ne5 Re8 19.Nc6 Qd7 20.Rfe1 Ne4 21.Bg4 Qxg4 22.Rxe4 Qd7
23.Ne5 Qf5 24.g4 Qc8 25.h3 f5 26.Re2 fxg4 27.d6 Rf8 28.d7 Qd8 29.Bg3 gxh3
30.Rbe1 Qg5 31.Kh2 Bxe5 32.Rxe5 Rxf2+ 33.Kxh3 Bg2+ 34.Kh2 Be4+  0-1

[Event "Nis Open 2011"]
[Site "Nis SRB"]
[Date "2011.05.25"]
[Round "2.9"]
[White "Miljkovic,Mir1"]
[Black "Stojiljkovic,Stefan"]
[Result "1-0"]
[WhiteElo "2506"]
[BlackElo "1917"]

1.d4 Nf6 2.c4 g6 3.Nc3 d5 4.cxd5 Nxd5 5.e4 Nxc3 6.bxc3 Bg7 7.Bc4 O-O 8.Ne2 c5
9.O-O Nc6 10.Be3 Bg4 11.f3 Na5 12.Bd3 cxd4 13.cxd4 Be6 14.d5 Bxa1 15.Qxa1 Bd7
16.Bh6 f6 17.Bxf8 Kxf8 18.Qd4 b6 19.h4 Nb7 20.h5 Kg7 21.hxg6 hxg6 22.e5 Qc7
23.d6 Qc5 24.Be4 Rb8 25.Bxb7 Rxb7 26.exf6+ exf6 27.Rc1 Qe5 28.Qxe5 fxe5 29.Rc7 Rxc7
30.dxc7 Kf6 31.Nc3 Ke7 32.Nb5 Bc8 33.Nxa7 Kd7 34.Kf2 Kxc7 35.Nxc8 Kxc8 36.Kg3 Kd7
37.Kg4 Ke6 38.Kg5 Kf7 39.a4 Kg7 40.g3 Kf7 41.Kh6 Kf6 42.g4 g5 43.Kh5 e4 44.fxe4 Ke5
45.Kxg5 Kxe4 46.Kf6 Kd5 47.g5 Kc4 48.g6  1-0

[Event "Zonal 3.3 Women"]
[Site "Tagaytay City PHI"]
[Date "2011.05.25"]
[Round "2"]
[White "Tuvshintugs,B"]
[Black "Frayna,Janelle Mae"]
[Result "1-0"]
[WhiteElo "2313"]
[BlackElo "1830"]

1.d4 Nf6 2.c4 g6 3.Nc3 d5 4.cxd5 Nxd5 5.e4 Nxc3 6.bxc3 Bg7 7.Bc4 c5 8.Ne2 Nc6
9.Be3 O-O 10.O-O Bd7 11.Qd2 Qc7 12.Rac1 Rfd8 13.Bf4 Qc8 14.Bh6 Bh8 15.Qf4 Be8
16.e5 Na5 17.Bd3 Qe6 18.Bb1 Rac8 19.Qg3 Qa6 20.Bd3 Bb5 21.Bxb5 Qxb5 22.Qg4 Qd7
23.Qg3 Nc6 24.Be3 cxd4 25.cxd4 Nb4 26.Bd2 Nd5 27.h3 Bg7 28.Qb3 e6 29.Bg5 Rxc1
30.Rxc1 Rc8 31.Rxc8+ Qxc8 32.Ng3 h6 33.Bd2 Qc6 34.h4 b5 35.Ne4 Qb6 36.Qd3 b4
37.Qc4 a5 38.h5 g5 39.Qc8+ Bf8 40.Nc5 Ne7 41.Qa8 Qc7 42.f4 Nf5 43.Qe8 Qe7
44.Qc8 Nxd4 45.Nd7 Ne2+ 46.Kh2 Nxf4 47.Bxf4 gxf4 48.Nf6+ Kg7 49.Qc2 Qxf6
50.exf6+ Kxf6 51.Qc6  1-0

[Event "XXX Zalakaros Open"]
[Site "Zalakaros HUN"]
[Date "2011.05.25"]
[Round "6"]
[White "Kozak,Mi"]
[Black "Dankhazi,A"]
[Result "1-0"]
[WhiteElo "2211"]
[BlackElo "2070"]

1.d4 Nf6 2.c4 g6 3.Nc3 d5 4.cxd5 Nxd5 5.e4 Nxc3 6.bxc3 Bg7 7.Be3 c5 8.Qd2 Qa5
9.Rc1 cxd4 10.cxd4 Qxd2+ 11.Bxd2 O-O 12.Nf3 Nc6 13.d5 Nd4 14.Nxd4 Bxd4 15.Bb4 f5
16.Bxe7 Re8 17.d6 Bd7 18.Bc4+ Kg7 19.Bd5 Rac8 20.O-O b6 21.exf5 gxf5 22.Bb7 Rc5
23.Rfe1 h6 24.Rcd1 Be5 25.g3 f4 26.gxf4 Bxf4 27.Kh1 h5 28.Rg1+ Kh6 29.h4 Rc3
30.f3 Rc2 31.Rg2 Rxg2 32.Kxg2 Rg8+ 33.Kf2 Bh3 34.Bg5+ Bxg5 35.hxg5+ Rxg5
36.d7 Rg2+ 37.Ke3 Bxd7 38.Rxd7 Rxa2 39.Kf4 Kg6 40.Be4+ Kf6 41.Rh7 Ra5 42.Rh6+ Kg7
43.Rg6+ Kf7 44.Rg5 Ra4 45.Rxh5 a5 46.Ke5 Rb4 47.f4 a4 48.f5 a3 49.Rg5 Kf8
50.Bd5 Ke7 51.f6+ Kd7 52.Rg7+  1-0

[Event "Zonal 3.3"]
[Site "Tagaytay City PHI"]
[Date "2011.05.26"]
[Round "4"]
[White "Dao Thien Hai"]
[Black "Pascua,H"]
[Result "1/2-1/2"]
[WhiteElo "2512"]
[BlackElo "2323"]

1.d4 Nf6 2.c4 g6 3.Nc3 d5 4.cxd5 Nxd5 5.e4 Nxc3 6.bxc3 Bg7 7.Bb5+ c6 8.Ba4 O-O
9.Ne2 c5 10.O-O cxd4 11.cxd4 Nc6 12.Be3 Na5 13.Rc1 Bd7 14.d5 Bb2 15.Rb1 Bg7
16.Bd4 Bxd4 17.Qxd4 Bxa4 18.Qxa4 Rc8 19.Rfc1 b6 20.g3 Qd6 21.Rc2 e6 22.dxe6 Rxc2
23.Qxc2 Qxe6 24.Nd4 Rc8 25.Qe2 Qc4 26.Qxc4 Rxc4 27.Rd1 a6 28.f3 Ra4 29.Rd2 Nc4
30.Rf2 a5 31.Nb3 Rb4 32.Rc2 a4 33.Nd2 Nxd2 34.Rxd2 Rc4 35.Rb2 b5 36.Rxb5  1/2-1/2

[Event "Zonal 3.3 Women"]
[Site "Tagaytay City PHI"]
[Date "2011.05.27"]
[Round "5"]
[White "Hoang Thi Nhu Y"]
[Black "Chan Wei Yi,V"]
[Result "1-0"]
[WhiteElo "2220"]
[BlackElo "1955"]

1.d4 Nf6 2.c4 g6 3.Nc3 d5 4.cxd5 Nxd5 5.e4 Nxc3 6.bxc3 Bg7 7.Nf3 O-O 8.Be2 c5
9.O-O Nc6 10.Be3 Bg4 11.d5 Na5 12.Bxc5 Bxc3 13.Rc1 Bg7 14.h3 Bd7 15.Qd2 b6
16.Bb4 Re8 17.Ba6 Qb8 18.Qc2 Qd8 19.Qc7 Bf8 20.Ne5 Bc8 21.Bb5 Qxc7 22.Rxc7 Rd8
23.Bxe7 Bxe7 24.Rxe7 a6 25.Nxf7 Rf8 26.Nh6+ Kh8 27.Rc1 Bd7 28.Rc7 Rad8 29.Bxd7  1-0

[Event "TCh-SLO"]
[Site "Ljubljana SLO"]
[Date "2011.05.28"]
[Round "2"]
[White "Jelen,Ig"]
[Black "Gorsek,G"]
[Result "1-0"]
[WhiteElo "2401"]
[BlackElo "2136"]

1.d4 Nf6 2.c4 g6 3.Nc3 d5 4.cxd5 Nxd5 5.e4 Nxc3 6.bxc3 Bg7 7.Nf3 c5 8.Rb1 O-O
9.Be2 Nc6 10.d5 Bxc3+ 11.Bd2 Bxd2+ 12.Qxd2 Nd4 13.Nxd4 cxd4 14.h4 e5 15.f4 f6
16.O-O Qd6 17.fxe5 fxe5 18.Qg5 b6 19.Rxf8+ Kxf8 20.h5 Bd7 21.Rf1+ Kg7 22.h6+ Kg8
23.Rf6 Qa3 24.Rxg6+ hxg6 25.Qxg6+ Kf8 26.Qf6+  1-0

[Event "Goodbye Spring"]
[Site "Lviv UKR"]
[Date "2011.05.29"]
[Round "6.4"]
[White "Rastropin,Yuriy"]
[Black "Polulikh,Bogdan"]
[Result "1-0"]
[WhiteElo "1630"]
[BlackElo "1848"]

1.d4 Nf6 2.c4 g6 3.Nc3 d5 4.cxd5 Nxd5 5.e4 Nxc3 6.bxc3 Bg7 7.Nf3 O-O 8.Rb1 c5
9.Be2 Nc6 10.Be3 a6 11.O-O cxd4 12.cxd4 b5 13.a4 b4 14.d5 Ne5 15.Rxb4 Nxf3+
16.Bxf3 Be5 17.Bd4 Bxh2+ 18.Kh1 Bd6 19.Rb1 e5 20.Be3 f5 21.g3 f4 22.Bb6 Qg5
23.Kg2 Qh6 24.Rh1 Qg7 25.Rc1 g5 26.g4 Bd7 27.a5 Rf7 28.Bc5 Bxc5 29.Rxc5 Rb8
30.Qc2 Qg6 31.Rb1 Qd6 32.Rxb8+ Qxb8 33.Be2 Rf6 34.f3 Kf8 35.Rc7 Ke8 36.Qc3 Kd8
37.Qxe5 Qxc7 38.Qxf6+ Ke8 39.d6 Qd8 40.Qxd8+ Kxd8 41.Bxa6 Bc6 42.e5  1-0

[Event "30th NAO Open"]
[Site "Stillwater USA"]
[Date "2011.05.29"]
[Round "8.1"]
[White "Claassen,C"]
[Black "Yermolinsky,A"]
[Result "1/2-1/2"]
[WhiteElo "2049"]
[BlackElo "2530"]

1.d4 Nf6 2.c4 g6 3.Nc3 d5 4.cxd5 Nxd5 5.e4 Nxc3 6.bxc3 Bg7 7.Bc4 O-O 8.Ne2 Qd7
9.O-O b6 10.Be3 Bb7 11.Bd3 Nc6 12.f4 Rad8 13.Qd2 e6 14.Rad1 f5 15.Ng3 Na5
16.Qe2 Bf6 17.Bf2 Bh4 18.Rfe1 Rde8 19.Kh1 Bxg3 20.Bxg3 fxe4 21.Bxe4 Bxe4
22.Qxe4 Qd5 23.Qe2 Rf5 24.Qc2 Nc4 25.Qa4 Ref8 26.Qc2 g5 27.Qe2 gxf4 28.Bh4 Ne3
29.c4 Nxc4 30.Qxe6+ Qxe6 31.Rxe6 Rd5 32.Bf2 Rd6 33.Re7 Rf7 34.Re8+ Kg7 35.d5 c5
36.h3 a5 37.Re6 Rfd7 38.Rde1 Rxd5 39.R1e4 b5 40.Rxf4 Rf7 41.Rg4+ Kf8 42.Bg3 a4
43.Ra6 h5 44.Ra8+ Ke7 45.Re4+ Kf6 46.Ra6+ Kg7 47.Ree6 a3 48.Rg6+ Kh7 49.Bh4 Ne5
50.Rh6+ Kg7 51.Rhb6 b4 52.Bf6+ Rxf6 53.Rxf6 Rd1+ 54.Kh2 b3 55.axb3 a2  1/2-1/2

[Event "82nd ch-GER"]
[Site "Bonn GER"]
[Date "2011.05.30"]
[Round "5"]
[White "Andre,G"]
[Black "Seel,C"]
[Result "1/2-1/2"]
[WhiteElo "2363"]
[BlackElo "2484"]

1.d4 Nf6 2.c4 g6 3.Nc3 d5 4.cxd5 Nxd5 5.e4 Nxc3 6.bxc3 Bg7 7.Bc4 c5 8.Ne2 Nc6
9.Be3 O-O 10.O-O Qc7 11.Rc1 Rd8 12.Qd2 Qa5 13.Rfd1 Bd7 14.Bh6 cxd4 15.Bxg7 Kxg7
16.Qf4 Be8 17.cxd4 e5 18.dxe5 Qxe5 19.Qe3 Rxd1+ 20.Rxd1 Rd8 21.Rxd8 Qa1+
22.Qc1 Qxc1+ 23.Nxc1 Nxd8 24.f3 Bd7 25.Kf2 Be6 26.Bd5 Kf6 27.Nd3 Ke7  1/2-1/2

[Event "82nd ch-GER"]
[Site "Bonn GER"]
[Date "2011.06.01"]
[Round "7.10"]
[White "Andre,G"]
[Black "Krassowizkij,J"]
[Result "1-0"]
[WhiteElo "2363"]
[BlackElo "2356"]

1.d4 Nf6 2.c4 g6 3.Nc3 d5 4.cxd5 Nxd5 5.e4 Nxc3 6.bxc3 Bg7 7.Bc4 c5 8.Ne2 O-O
9.Be3 Nc6 10.Rc1 Na5 11.Bd3 b6 12.O-O e5 13.d5 f5 14.f4 fxe4 15.Bxe4 Nc4
16.Qd3 Nxe3 17.Qxe3 Qd6 18.fxe5 Rxf1+ 19.Rxf1 Bxe5 20.Nf4 Ba6 21.Rf2 Rf8
22.g3 Bxf4 23.Rxf4 Rxf4 24.gxf4 Bc4 25.Qd2 Kf8 26.a3 Ke8 27.Bf3 Kd8 28.Qe3 b5
29.Kf2 g5 30.Qe5 Qxe5 31.fxe5 a5 32.Ke3 h5 33.d6 g4 34.Bc6 h4 35.Kf4 a4 36.e6 Bxe6
37.Bxb5 g3 38.hxg3 h3 39.g4 h2 40.Bc6 Bd7 41.Bf3 Be6 42.Kg3 Kd7 43.Kxh2 Kxd6
44.Kg3 Ke5 45.g5 Bf5 46.Bd1 Kd5 47.Kf4 Bd3 48.Ke3 Bb5 49.g6 Ke6 50.Bc2 Kf6
51.Ke4 Bc6+ 52.Kf4 Bd7 53.g7 Kxg7 54.Ke5 Kf7 55.Kd6 Ke8 56.Kxc5 Kd8 57.Kb4 Kc7
58.Bxa4 Bc8 59.Kc5 Ba6 60.Bc6 Be2 61.a4 Ba6 62.a5 Bc8 63.Bd5 Ba6 64.Bc4 Bb7
65.a6 Bc8 66.Bb5 Kb8 67.Kb6 Bb7 68.a7+ Ka8 69.c4 Be4 70.c5 Bb7 71.c6 Bc8
72.c7 Bb7 73.Bc6 Bxc6 74.c8=R+  1-0

[Event "TCh-BUL GpA Men"]
[Site "Albena BUL"]
[Date "2011.06.02"]
[Round "1.3"]
[White "Enchev,I"]
[Black "Grigorov,G"]
[Result "0-1"]
[WhiteElo "2435"]
[BlackElo "2497"]

1.d4 Nf6 2.c4 g6 3.Nc3 d5 4.cxd5 Nxd5 5.e4 Nxc3 6.bxc3 Bg7 7.Bc4 c5 8.Ne2 Nc6
9.Be3 O-O 10.O-O b6 11.Qd2 Bb7 12.Rac1 Rc8 13.Rfd1 cxd4 14.cxd4 e6 15.Bh6 Qh4
16.Bxg7 Kxg7 17.d5 Ne5 18.Qd4 Qf6 19.Bb3 exd5 20.Rxc8 Rxc8 21.exd5 Ba6 22.Nc3 Nd7
23.Ne4 Qxd4 24.Rxd4 Rc1+ 25.Rd1 Rxd1+ 26.Bxd1 Bc4 27.d6 f5 28.Ba4 fxe4 29.Bxd7 Bxa2
30.Bf5 Kf6 31.Bxe4 Ke6 32.f4 Kxd6 33.Kf2 a5  0-1

[Event "18th Ratten Open"]
[Site "Ratten AUT"]
[Date "2011.06.02"]
[Round "1.1"]
[White "Huber,Mart AUT"]
[Black "Neumeier,K"]
[Result "1/2-1/2"]
[WhiteElo "2071"]
[BlackElo "2267"]

1.d4 Nf6 2.c4 g6 3.Nc3 d5 4.cxd5 Nxd5 5.e4 Nxc3 6.bxc3 Bg7 7.Be3 c5 8.Qd2 Qa5
9.Rb1 cxd4 10.cxd4 Qxd2+ 11.Kxd2 O-O 12.Nf3 Rd8 13.Bd3 e6 14.Rhc1 Nc6 15.Rc4 Na5
16.Rc5 Nc6 17.Rc4 Na5 18.Rc5 Nc6 19.Rc4  1/2-1/2

[Event "82nd ch-GER"]
[Site "Bonn GER"]
[Date "2011.06.03"]
[Round "9.7"]
[White "Svane,R"]
[Black "Krassowizkij,J"]
[Result "1/2-1/2"]
[WhiteElo "2297"]
[BlackElo "2356"]

1.d4 Nf6 2.c4 g6 3.Nc3 d5 4.cxd5 Nxd5 5.e4 Nxc3 6.bxc3 Bg7 7.Bc4 c5 8.Ne2 Nc6
9.Be3 O-O 10.O-O Qc7 11.Rc1 Rd8 12.Bf4 Qd7 13.dxc5 Qe8 14.Qc2 Ne5 15.Bxe5 Bxe5
16.Rcd1 Rxd1 17.Qxd1 e6 18.Nd4 Bd7 19.f4 Bc7 20.Qb3 Bc6 21.Bb5 Bxb5 22.Qxb5 Qxb5
23.Nxb5 Ba5 24.Rd1 Rc8 25.Rd7 Rxc5 26.Rxb7 Bxc3 27.Nxc3 Rxc3 28.Rxa7 Rc4
29.Kf2 Rxe4 30.Kf3 Rc4 31.a4 Rc3+ 32.Kf2 Rc2+ 33.Kf3 Rc3+  1/2-1/2

[Event "4th Metro Qualifier"]
[Site "Los Angeles USA"]
[Date "2011.06.03"]
[Round "1"]
[White "Mikayelyan,Mher"]
[Black "Lawrence,Dan"]
[Result "1-0"]
[WhiteElo "2003"]
[BlackElo "2066"]

1.d4 Nf6 2.c4 g6 3.Nc3 d5 4.cxd5 Nxd5 5.e4 Nxc3 6.bxc3 Bg7 7.Be3 c5 8.Qd2 Qa5
9.h3 O-O 10.Nf3 Rd8 11.Rc1 cxd4 12.cxd4 Qxd2+ 13.Bxd2 e6 14.Bg5 f6 15.Be3 Nc6
16.Bc4 a6 17.O-O Bd7 18.d5 exd5 19.Bxd5+ Kh8 20.Nd2 Nb4 21.Bxb7 Rab8 22.Rc7 Bb5
23.Rb1 Nxa2 24.Ba7 Nc3 25.Re1 Bh6 26.Nf3 Ne2+ 27.Kh1 Bf4 28.e5 Ra8 29.Bxa8 Rxa8
30.Rb7 fxe5 31.Rb8+ Rxb8 32.Bxb8 Kg7 33.Nxe5 Kf6 34.Ng4+ Kf5 35.Bxf4 Kxf4
36.Ne3 h5 37.h4 g5 38.hxg5 Kxg5 39.Ra1 Nf4 40.Ra3 h4 41.Kh2 Nd3 42.Kg1 Nf4
43.Nc2 h3 44.gxh3 Kh4 45.Kh2 Bf1 46.Ra4 Kg5 47.h4+ Kf5 48.Ne3+  1-0

[Event "5th Wunsiedel Open 2011"]
[Site "Wunsiedel GER"]
[Date "2011.06.03"]
[Round "3"]
[White "Wagner,De"]
[Black "Danin,A"]
[Result "1/2-1/2"]
[WhiteElo "2240"]
[BlackElo "2534"]

1.d4 Nf6 2.c4 g6 3.Nc3 d5 4.cxd5 Nxd5 5.e4 Nxc3 6.bxc3 Bg7 7.Bc4 c5 8.Ne2 Nc6
9.Be3 O-O 10.O-O Bd7 11.Rb1 Qc7 12.Bd3 Rad8 13.h3 Bc8 14.d5 Ne5 15.f4 Nxd3
16.Qxd3 c4 17.Qd2 b6 18.Bd4 e6 19.dxe6 fxe6 20.Qe3 e5 21.fxe5 Bxe5 22.Qg5 Rxf1+
23.Rxf1 Re8 24.Nf4 Qe7 25.Qxe7 Rxe7 26.Nd5 Re6 27.Bxe5 Rxe5 28.Kf2 Bb7 29.Rd1 Bxd5
30.exd5 Kf7 31.a4 Ke7 32.Rd4 Kd6 33.Rxc4 Rxd5 34.Ke3 Rc5 35.Rd4+ Kc6 36.Kd3 Rd5
37.Kc4 Rxd4+ 38.Kxd4 g5 39.g3 h5 40.g4 hxg4 41.hxg4 b5 42.axb5+ Kxb5 43.Kd5 Kb6
44.Kd6 Kb5 45.Kd5 Kb6 46.Ke4  1/2-1/2

[Event "Mayor's Cup of Good Wine"]
[Site "Hustopece CZE"]
[Date "2011.06.04"]
[Round "4"]
[White "Polak,T"]
[Black "Plat,V"]
[Result "1-0"]
[WhiteElo "2526"]
[BlackElo "2426"]

1.d4 Nf6 2.c4 g6 3.Nc3 d5 4.cxd5 Nxd5 5.e4 Nxc3 6.bxc3 Bg7 7.Nf3 O-O 8.Be2 c5
9.O-O Nc6 10.Be3 b6 11.d5 Na5 12.Rc1 f5 13.exf5 Bxf5 14.c4 e6 15.Qd2 exd5
16.cxd5 Nb7 17.Ng5 Qf6 18.Ne6 Bxe6 19.dxe6 Rad8 20.Qc2 Nd6 21.Qa4 Qe7 22.Rcd1 Qxe6
23.Qxa7 Nf5 24.Bg4 Ra8 25.Qb7 Qxa2 26.Bxf5 gxf5 27.Qxb6 c4 28.Qe6+ Kh8 29.Bd4 Qa6
30.Bxg7+ Kxg7 31.Rd6 Qa3 32.Rd7+ Kh8 33.Qh6  1-0

[Event "TCh-FRA Top 12 2011"]
[Site "Mulhouse FRA"]
[Date "2011.06.04"]
[Round "10"]
[White "Avrukh,B"]
[Black "Kovchan,A"]
[Result "1/2-1/2"]
[WhiteElo "2601"]
[BlackElo "2558"]

1.d4 Nf6 2.c4 g6 3.Nc3 d5 4.cxd5 Nxd5 5.e4 Nxc3 6.bxc3 Bg7 7.Nf3 c5 8.Be3 Qa5
9.Nd2 cxd4 10.Nc4 Qd8 11.cxd4 O-O 12.Rb1 f5 13.exf5 Bxf5 14.Rxb7 Nc6 15.d5 Bc3+
16.Bd2 Nd4 17.Ne3 Qa5 18.Bxc3 Qxc3+ 19.Qd2 Qa1+ 20.Qd1 Qc3+ 21.Qd2 Qa1+ 22.Qd1  1/2-1/2